000 00656nam a2200205 i 4500
001 135302
003 ES-MaACL
005 20250902231241.0
007 t|
008 070716q1911 sp |||| | spa d
080 _a330.82
100 1 _aToniolo, Giuseppe (
_d1845-1918)
_9110574
245 1 0 _aTratado de economia social
_b: introducción /
_cpor José Toniolo ; traducción, prólogo y notas por Amando Castroviejo.
260 _aMadrid :
_b[G. López Horno,
_c1911?]
300 _a2 v. ;
_c19 cm.
650 7 _aEconomía social
_2embne
_912036
700 1 _aCastroviejo, Amando.
_936990
852 _aES-MaACL
_jF-1717-18
999 _c135302
_d135302